Physical Vulnerability Assessment Due to Floods Siesmandi Area / (Record no. 536195)
[ view plain ]
| 000 -LEADER | |
|---|---|
| fixed length control field | 00543nam a22001577a 4500 |
| 082 ## - DEWEY DECIMAL CLASSIFICATION NUMBER | |
| Classification number | 200 |
| 100 ## - MAIN ENTRY--PERSONAL NAME | |
| Personal name | Sami, Abdus |
| 245 ## - TITLE STATEMENT | |
| Title | Physical Vulnerability Assessment Due to Floods Siesmandi Area / |
| Statement of responsibility, etc. | Abdus Sami |
| 260 ## - PUBLICATION, DISTRIBUTION, ETC. | |
| Place of publication, distribution, etc. | Islamabad : |
| Name of publisher, distributor, etc. | MCE - NUST, |
| Date of publication, distribution, etc. | 2017. |
| 300 ## - PHYSICAL DESCRIPTION | |
| Extent | 109 p. ; |
| Dimensions | 30cm. |
| 650 ## - SUBJECT ADDED ENTRY--TOPICAL TERM | |
| Topical term or geographic name entry element | MS- Basic sciences Humanities |
| 700 ## - ADDED ENTRY--PERSONAL NAME | |
| Personal name | Supervisor: Dr, Muhammad Arshad |
| 856 ## - Uniform Resource Identifier | |
| Uniform Resource Identifier | <a href="http://10.250.8.41:8080/xmlui/handle/123456789/31571">http://10.250.8.41:8080/xmlui/handle/123456789/31571</a> |
| 942 ## - ADDED ENTRY ELEMENTS (KOHA) | |
| Source of classification or shelving scheme | |
| Koha item type | Soft Copy |
| 650 ## - SUBJECT ADDED ENTRY--TOPICAL TERM | |
| -- | 126585 |
| 700 ## - ADDED ENTRY--PERSONAL NAME | |
| -- | 127055 |
| Withdrawn status | Lost status | Source of classification or shelving scheme | Damaged status | Not for loan | Permanent Location | Current Location | Shelving location | Date acquired | Total Checkouts | Full call number | Barcode | Date last seen | Price effective from | Koha item type |
|---|---|---|---|---|---|---|---|---|---|---|---|---|---|---|
| Central Library (CL) | Central Library (CL) | Thesis | 10/02/2020 | 363.3 | CL-T-6397 | 10/02/2020 | 10/02/2020 | Thesis |
